Обзор деятельности Ташкентской приготовительной школы 2-го Оренбургскаго кадетскаго корпуса ... Вып. 4: ... за 1903/4 уч. год (Запись № 13557382)
[ простой вид ]
| 000 -МАРКЕР | |
|---|---|
| контрольное поле | 01893nam2a2200265 4500 |
| 001 - ИДЕНТИФИКАТОР ЗАПИСИ | |
| контрольное поле | RU\NLR\BIBL_A\022740824 |
| 005 - ИДЕНТИФИКАТОР ВЕРСИИ | |
| контрольное поле | 20260308044951.0 |
| 035 ## - ДРУГИЕ СИСТЕМНЫЕ НОМЕРА | |
| Идентификатор записи | (NLR Aleph) 022740824 |
| 100 ## - ДАННЫЕ ОБЩЕЙ ОБРАБОТКИ | |
| Данные общей обработки | 20260302d1904 k y0rusy50 ca |
| 101 0# - ЯЗЫК РЕСУРСА | |
| Язык текста, звукозаписи и т.д. | русский |
| 102 ## - СТРАНА ПУБЛИКАЦИИ ИЛИ ПРОИЗВОДСТВА | |
| Страна публикации | Российская Федерация |
| 105 ## - ПОЛЕ КОДИРОВАННЫХ ДАННЫХ: ТЕКСТОВЫЕ МАТЕРИАЛЫ, МОНОГРАФИЧЕСКИЕ | |
| Кодированные данные о монографическом текстовом документе | a z 000yy |
| 200 1# - ЗАГЛАВИЕ И СВЕДЕНИЯ ОБ ОТВЕТСТВЕННОСТИ | |
| Основное заглавие | ... за 1903/4 уч. год |
| 210 ## - ПУБЛИКАЦИЯ, РАСПРОСТРАНЕНИЕ И ДР. | |
| Дата издания, распространения и т.д. | 1904 |
| 215 ## - ФИЗИЧЕСКАЯ ХАРАКТЕРИСТИКА | |
| Специфическое обозначение материала и объем | [221] с. разд. паг., [4] л. ил., табл. |
| Другие сведения о физической характеристике | табл. |
| Размеры | 25 |
| 316 ## - ПРИМЕЧАНИЯ ОБ ОСОБЕННОСТЯХ ЭКЗЕМПЛЯРА | |
| Текст примечания | Экз. РНБ (37.42.3.53) в пер., с крапчатым кн. обрезом |
| Организация и экземпляр, к которому относится поле | NLR: 37.42.3.53 |
| 327 1# - ПРИМЕЧАНИЯ О СОДЕРЖАНИИ | |
| Текст примечания | В Прил.: Приказы и Журналы Ташкент. приготов. шк. 2-го Оренбург. кадет. корпуса (по учеб.-воспитат. части) 1903–1904 гг. |
| 461 #0 - УРОВЕНЬ НАБОРА | |
| Встроенное поле | 001v19\rc\1724320 |
| -- | 2001#$aОбзор деятельности Ташкентской приготовительной школы 2-го Оренбургскаго кадетскаго корпуса ...$fсоставил инспектор классов школы В. Дунин-Барковский$vВып. 4 |
| -- | 700#1$aДунин-Барковский$bВ. Н.$f1871-1943$gВалериан Николаевич$3RU\NLR\AUTH\770290680 |
| Системный номер (АБИС) связанной записи | 4854688 |
| Автор | Дунин-Барковский, В. Н. (1871-1943) |
| Место публикации | Ташкент |
| Дата публикации | 1901–1904 |
| Первые сведения об ответственности | составил инспектор классов школы В. Дунин-Барковский |
| Имя издателя, распространителя и т.д. | Типография Штаба Туркестанскаго военнаго Округа |
| Заглавие | Обзор деятельности Ташкентской приготовительной школы 2-го Оренбургскаго кадетскаго корпуса ... |
| Номер тома | Вып. 4 |
| 518 1# - ЗАГЛАВИЕ В СТАНДАРТНОМ СОВРЕМЕННОМ ПРАВОПИСАНИИ | |
| Основное заглавие, вариант заглавия или унифицированное заглавие | ... за 1903–1904 учебный год |
| 852 ## - МЕСТОНАХОЖДЕНИЕ И ШИФР ХРАНЕНИЯ | |
| Идентификатор организации | NLR |
| Шифр хранения (Call Number) | 37.42.3.53 |
| 942 ## - ДОПОЛНИТЕЛЬНЫЕ ЭЛЕМЕНТЫ ЗАПИСИ (АБИС) | |
| Тип экземпляра АБИС | Неопределено |
| 980 ## - КОЛЛЕКЦИЯ | |
| Название коллекции | Национальная библиография |
Нет доступных экземпляров.